Music From Poland (Lp Sx 2504) (Record n. 99598)
[ formato base ]
| 000 -LEADER | |
|---|---|
| fixed length control field | 03359njm a2200553Ia 4500 |
| 001 - CONTROL NUMBER | |
| control field | 73394 |
| 003 - CONTROL NUMBER IDENTIFIER | |
| control field | IT-RoPAU |
| 005 - DATE AND TIME OF LATEST TRANSACTION | |
| control field | 20220918181118.0 |
| 008 - FIXED-LENGTH DATA ELEMENTS--GENERAL INFORMATION | |
| fixed length control field | 131025s9999 xx 000 0 und d |
| 040 ## - CATALOGING SOURCE | |
| Original cataloging agency | IT-RoPAU |
| 040 ## - CATALOGING SOURCE | |
| Transcribing agency | IT-RoPAU |
| 041 ## - LANGUAGE CODE | |
| Language code of text/sound track or separate title | POLACCO |
| 999 ## - SYSTEM CONTROL NUMBERS (KOHA) | |
| Koha Dewey Subclass [OBSOLETE] | n.d. |
| 100 ## - MAIN ENTRY--PERSONAL NAME | |
| Personal name | AA.VV. |
| 9 (RLIN) | 794 |
| 100 ## - MAIN ENTRY--PERSONAL NAME | |
| Relator term | Autore musica |
| 9 (RLIN) | 24980 |
| 100 ## - MAIN ENTRY--PERSONAL NAME | |
| Miscellaneous information | Codice autore musica SPICS: 12000 |
| 9 (RLIN) | 796 |
| 245 ## - TITLE STATEMENT | |
| Title | Music From Poland (Lp Sx 2504) |
| 250 ## - EDITION STATEMENT | |
| Edition statement | 1a ed. |
| 260 ## - PUBLICATION, DISTRIBUTION, ETC. (IMPRINT) | |
| Place of publication, distribution, etc. | POLONIA |
| 260 ## - PUBLICATION, DISTRIBUTION, ETC. (IMPRINT) | |
| Name of publisher, distributor, etc. | MUZA |
| Date of publication, distribution, etc. | 1987 [1a Ed.:1987 - Ed. Lingua Orig.: 1987] |
| 300 ## - PHYSICAL DESCRIPTION | |
| Extent | DISCO |
| 300 ## - PHYSICAL DESCRIPTION | |
| Dimensions | 42 minuti (Testo: 0 pag.) |
| 500 ## - GENERAL NOTE | |
| General note | Musica polacca. |
| 505 ## - FORMATTED CONTENTS NOTE | |
| Formatted contents note | What Can I Tell You [(Banaszak Hanna) (6:00)] - Szczesliwy Fiord/The Lucky Fiord [(Bob Roy String Orchestra) (5:00)] - Lovers [(Krawczyk Krzysztof) (5:00)] - Madrid Express [(Super Duo) (3:00)] - The Great Parade [(Tsa) (4:00)] - Zaczarowane Miasto/A Magic City [(Kombi) (6:00)] - Dans toutes les gares du monde [(Dlugosz Leszek) (5:00)] - I Like It [(Henrik Majewski Sextet) (3:00)] - It's Only Love [(Eleni) (4:00)] - Rock Me Now [(Leszek Winder Session) (4:00)] |
| 511 ## - PARTICIPANT OR PERFORMER NOTE | |
| Participant or performer note | Direttore d'orchestra: Kociszewski P. |
| 511 ## - PARTICIPANT OR PERFORMER NOTE | |
| Participant or performer note | Direttore d'orchestra: Poznakowski R. |
| 511 ## - PARTICIPANT OR PERFORMER NOTE | |
| Participant or performer note | Direttore d'orchestra: Kaluzny P. |
| 650 ## - SUBJECT ADDED ENTRY--TOPICAL TERM | |
| Topical term or geographic name as entry element | MUSICA POLACCA [DISCHI] |
| Relator term | Codice MATERIA SPICS: 9950 |
| 9 (RLIN) | 24981 |
| 700 ## - ADDED ENTRY--PERSONAL NAME | |
| Personal name | Mioduski A. |
| Dates associated with a name | Codice autore musica SPICS: 24780 |
| Relator term | Autore musica |
| Name of part/section of a work | What Can I Tell You |
| 9 (RLIN) | 24983 |
| 700 ## - ADDED ENTRY--PERSONAL NAME | |
| Personal name | Mann W. |
| Dates associated with a name | Codice autore SPICS: 25158 |
| Relator term | Autore |
| Name of part/section of a work | What Can I Tell You |
| 9 (RLIN) | 24984 |
| 700 ## - ADDED ENTRY--PERSONAL NAME | |
| Personal name | Januszko A. |
| Dates associated with a name | Codice autore musica SPICS: 24733 |
| Relator term | Autore musica |
| Name of part/section of a work | Szczesliwy Fiord/The Lucky Fiord |
| 9 (RLIN) | 24985 |
| 700 ## - ADDED ENTRY--PERSONAL NAME | |
| Personal name | Poznakowski R. |
| Dates associated with a name | Codice autore musica SPICS: 25103 |
| Relator term | Autore musica |
| Name of part/section of a work | Lovers |
| 9 (RLIN) | 24986 |
| 700 ## - ADDED ENTRY--PERSONAL NAME | |
| Personal name | Dabrowski J. |
| Dates associated with a name | Codice autore testo/musica SPICS: 25157 |
| Relator term | Autore testo/musica |
| Name of part/section of a work | Lovers |
| 9 (RLIN) | 24987 |
| 700 ## - ADDED ENTRY--PERSONAL NAME | |
| Personal name | Krajewski Seweryn |
| Dates associated with a name | Codice autore musica SPICS: 23056 |
| Relator term | Autore musica |
| Name of part/section of a work | Madrid Express |
| 9 (RLIN) | 24988 |
| 700 ## - ADDED ENTRY--PERSONAL NAME | |
| Personal name | Lawrence Azar |
| Dates associated with a name | Codice autore musica SPICS: 23084 |
| Relator term | Autore musica |
| Name of part/section of a work | The Great Parade |
| 9 (RLIN) | 24989 |
| 700 ## - ADDED ENTRY--PERSONAL NAME | |
| Personal name | Piekarczyk M. |
| Dates associated with a name | Codice autore SPICS: 25169 |
| Relator term | Autore |
| Name of part/section of a work | The Great Parade |
| 9 (RLIN) | 24990 |
| 700 ## - ADDED ENTRY--PERSONAL NAME | |
| Personal name | Rzehak J. |
| Dates associated with a name | Codice autore testo/musica SPICS: 25152 |
| Relator term | Autore testo/musica |
| Name of part/section of a work | The Great Parade |
| 9 (RLIN) | 24991 |
| 700 ## - ADDED ENTRY--PERSONAL NAME | |
| Personal name | Losowski S. |
| Dates associated with a name | Codice autore musica SPICS: 25114 |
| Relator term | Autore musica |
| Name of part/section of a work | Zaczarowane Miasto/A Magic City |
| 9 (RLIN) | 24992 |
| 700 ## - ADDED ENTRY--PERSONAL NAME | |
| Personal name | Dlugosz Leszek |
| Dates associated with a name | Codice autore musica SPICS: 25090 |
| Relator term | Autore musica |
| Name of part/section of a work | Dans toutes les gares du monde |
| 9 (RLIN) | 24993 |
| 700 ## - ADDED ENTRY--PERSONAL NAME | |
| Personal name | Jozefowicz K. |
| Dates associated with a name | Codice autore SPICS: 25486 |
| Relator term | Autore |
| Name of part/section of a work | Dans toutes les gares du monde |
| 9 (RLIN) | 24994 |
| 700 ## - ADDED ENTRY--PERSONAL NAME | |
| Personal name | Vigne A. |
| Dates associated with a name | Codice autore testo/musica SPICS: 25546 |
| Relator term | Autore testo/musica |
| Name of part/section of a work | Dans toutes les gares du monde |
| 9 (RLIN) | 24995 |
| 700 ## - ADDED ENTRY--PERSONAL NAME | |
| Personal name | Majewski R. |
| Dates associated with a name | Codice autore musica SPICS: 25459 |
| Relator term | Autore musica |
| Name of part/section of a work | I Like It |
| 9 (RLIN) | 24996 |
| 700 ## - ADDED ENTRY--PERSONAL NAME | |
| Personal name | Dzokas K. |
| Dates associated with a name | Codice autore musica SPICS: 25460 |
| Relator term | Autore musica |
| Name of part/section of a work | It's Only Love |
| 9 (RLIN) | 24997 |
| 700 ## - ADDED ENTRY--PERSONAL NAME | |
| Personal name | Czubaczynski R. |
| Dates associated with a name | Codice autore SPICS: 25487 |
| Relator term | Autore |
| Name of part/section of a work | It's Only Love |
| 9 (RLIN) | 24998 |
| 700 ## - ADDED ENTRY--PERSONAL NAME | |
| Personal name | Mann W. |
| Dates associated with a name | Codice autore testo/musica SPICS: 25158 |
| Relator term | Autore testo/musica |
| Name of part/section of a work | It's Only Love |
| 9 (RLIN) | 24999 |
| 700 ## - ADDED ENTRY--PERSONAL NAME | |
| Personal name | Winder L. |
| Dates associated with a name | Codice autore musica SPICS: 25115 |
| Relator term | Autore musica |
| Name of part/section of a work | Rock Me Now |
| 9 (RLIN) | 25000 |
| 700 ## - ADDED ENTRY--PERSONAL NAME | |
| Personal name | Skolias J. |
| Dates associated with a name | Codice autore SPICS: 25488 |
| Relator term | Autore |
| Name of part/section of a work | Rock Me Now |
| 9 (RLIN) | 25001 |
| 942 ## - ADDED ENTRY ELEMENTS (KOHA) | |
| Koha item type | DISCHI |
| Source of classification or shelving scheme | Dewey Decimal Classification |
| Withdrawn status | Lost status | Damaged status | Not for loan | Home library | Current library | Date acquired | Total Checkouts | Full call number | Date last seen | Price effective from | Koha item type | Public note |
|---|---|---|---|---|---|---|---|---|---|---|---|---|
| Buone Condizioni | Not For Loan | SPICS-MEDIATECA | SPICS-MEDIATECA | 25/10/2013 | 73394 | 25/10/2013 | 25/10/2013 | DISCHI | Progr. Ins.: 17682 / N.Vol.: 1 / Copie: 1 - Copia rara: n.d. / date import: 01.01.2014 - By Epidotti, Trombetti, Vaglietti |